000 00604nab a2200181 4500
001 244442
003 OSt
005 20240514110726.0
007 tu
008 200917s2020|||||||
040 _aDE-2950
_cDE-2950
245 0 0 _aBilinguale Kitas - so ist die Nachfrage/
_bKinderbetreuung. Mit der Euro-Kita und der Kita Pinokio gibt es zwei deutsch-polnische Kindergärten in der Doppelstadt/
_cmdu
264 _c2024
653 _aFrankfurt (Oder) - Slubice
653 _aBilinguale Kita
773 0 _g35. Jahrgang (2024) Nr. 104 vom 04.05.2024, S. 17 mit Foto
_tMärkische Oderzeitung
942 _2z
_cA
999 _c373137
_d373137